Сучасна українська мова: фонетика, фонологія, орфоепія, графіка (Запис № 354242)

МАРК-запис
000 -Лідер
fixed length control field 04562nam a22003377a 4500
001 - Контрольний номер
control field 68105
003 - Ідентифікатор контрольного номера
control field UA-OsUOA
005 - Дата та час останнього входження (трансакції)
control field 20200325220025.0
007 - Фіксоване поле фізичного опису
fixed length control field ta
008 - Елементи даних фіксованої довжини – загальна інформація
fixed length control field 20100406b un ||||| |||| 00| 0 ukr d
020 ## - Міжнародний стандартний книжковий номер (ISBN)
Міжнародний стандартний книжковий номер (ISBN) (НП) 9789665803089
040 ## - Джерело каталогізації
Агенція оригінальної каталогізації UA-OsUOA
Мова каталогізації ukr
Агенція, яка здійснювала перезапис UA-OsUOA
Агенція, яка здійснювала модифікацію UA-OsUOA
041 ## - Код мови
Код мови тексту/ звукової доріжки чи окремого заголовка (П) ukr
080 ## - Індекс Універсальної десяткової класифікації
Індекс Універсальної десяткової класифікації (УДК) (НП) 811.161.2
090 ## - Локальний шифр розміщення
Класифікаційний індекс УДК 811.161.2
Авторський знак (НП) С91
245 ## - Відомості про назву
Назва (НП) Сучасна українська мова: фонетика, фонологія, орфоепія, графіка
Решта назви (НП) навчальний посібник
Дані про відповідальність (НП) за ред. Фащенка М. М.
260 ## - Публікація, розповсюдження і т.п. (Вихідні дані)
Місце публікації, розповсюдження і т.п. (П) К.
Ім’я/ наймення видавництва, розповсюджувача і т.п. (П) Академія
Дата публікації, розповсюдження і т.п. (П) 2010
300 ## - Фізичний опис
Обсяг 176 с.
520 3# - Резюме і т.п.
Резюме, реферат, анотація, тощо (НП) Культура мовлення — важливий критерій розвитку особистості. Особливо актуальна вона в діяльності вчителя, на мовлення якого найбільше орієнтуються учні. А для вчителя-філолога культура мовлення є принциповою ознакою фаховості. Опановують її і розвиваю
520 3# - Резюме і т.п.
Резюме, реферат, анотація, тощо (НП) ть у процесі здобуття теоретичних знань і систематичного вправляння. У цій справі прислужиться матеріал пропонованого навчального посібника, в якому лаконічний виклад теоретичної інформації поєднується із різноманітними практичними вправами, завданням
520 3# - Резюме і т.п.
Резюме, реферат, анотація, тощо (НП) и, в т. ч. тестовими, зразками точної і спрощеної фонетичної, фонематичної транскрипцій, схемами фонематичного, фонетичного, фонологічного, орфоепічного, графічного аналізу, довідковими даними. Їх зручно використовувати в аудиторній і домашній навчаль
520 3# - Резюме і т.п.
Резюме, реферат, анотація, тощо (НП) ній діяльності.Адресований студентам вищих навчальних закладів. Корисний буде вчителям-філологам, працівникам засобів масової інформації, усім, хто дбає про рівень свого мовлення.Зміст1. Фонетика 1.1. Фонематична і фонетична транскрипції1
520 3# - Резюме і т.п.
Резюме, реферат, анотація, тощо (НП) .2. Голосні звуки та їх класифікація у сильній і слабкій позиціях1.3. Приголосні, їх класифікація у сильній позиції1.4. Звукозміни приголосних у мовленні1.5. Асимілятивне подовження та інші наслідки прогресивної асиміляції. Наслідки дисиміляції2
520 3# - Резюме і т.п.
Резюме, реферат, анотація, тощо (НП) . Фонологія2.1. Система фонем сучасної української літературної мови. Фонема та алофони2.2. Звукові поля фонем. Позиційні чергування2.3. Історичні чергування голосних фонем2.4. Історичні чергування приголосних фонем2.5. Фонетичне членування м
520 3# - Резюме і т.п.
Резюме, реферат, анотація, тощо (НП) овленнєвого потоку 3. Орфоепія3.1. Особливості орфоепії сучасної української літературної мови4. Графіка 4.1. Графічна система сучасної української літературної мовиДодатки 1. Співвідношення між буквами, фонемами та алофонами сучасної укра
520 3# - Резюме і т.п.
Резюме, реферат, анотація, тощо (НП) їнської літературної мови2. Співвідношення між буквосполученнями, фонемосполученнями та звукосполученнями3. Схеми фонетичного, фонологічного, орфоепічного та графічного аналізуВідповіді на тестові завданняКороткий термінологічний словникЛіте
520 3# - Резюме і т.п.
Резюме, реферат, анотація, тощо (НП) ратура
650 #7 - Додаткове предметне введення – тематичний термін
Тематичний термін чи географічна назва, як елемент введення (НП) 8 Мовознавство. Художня література. Літературознавство
Джерело заголовка чи терміна UDC
942 ## - Додаткові елементи входу (Коха)
Тип елемента Koha Книги
Source of classification or shelving scheme Universal Decimal Classification
955 ## - Код типу видання за змістом
Код типу видання за змістом (НП) Навчальні видання
Фонди
Стан вилучень Стан втрат Джерело класифікації або схеми стелажів Стан уражень Не для кредиту Постійне місце розташування Поточне розміщення Дата придбання Джерело придбання Вартість, звичайна ціна покупки Інвентарний номер Усього замовленно Повний номер виклику Штрих-код Дата останнього перегляду Ціна ефективна від Тип елемента Koha
    Universal Decimal Classification     ЧЗ - Читальна зала ЧЗ - Читальна зала 06/04/2010 30/2010 30.00 127157   811.161.2 С91 127157 19/11/2021 06/04/2010 Книги
    Universal Decimal Classification     ЧЗ - Читальна зала ЧЗ - Читальна зала 06/04/2010 30/2010 30.00 127158   811.161.2 С91 127158 14/01/2022 06/04/2010 Книги
    Universal Decimal Classification     ЧЗ - Читальна зала ЧЗ - Читальна зала 06/04/2010 30/2010 30.00 127159   811.161.2 С91 127159 14/01/2022 06/04/2010 Книги
    Universal Decimal Classification     ЧЗ - Читальна зала ЧЗ - Читальна зала 06/04/2010 30/2010 30.00 127160   811.161.2 С91 127160 14/01/2022 06/04/2010 Книги
    Universal Decimal Classification     ЧЗ - Читальна зала ЧЗ - Читальна зала 06/04/2010 30/2010 30.00 127161   811.161.2 С91 127161 19/11/2021 06/04/2010 Книги
    Universal Decimal Classification     ЧЗ - Читальна зала ЧЗ - Читальна зала 13/04/2010 32/2010 30.00 127212   811.161.2 С91 127212 19/11/2021 06/04/2010 Книги
    Universal Decimal Classification     ЧЗ - Читальна зала ЧЗ - Читальна зала 16/04/2010 33/2010 30.00 127313   811.161.2 С91 127313 05/02/2022 06/04/2010 Книги
    Universal Decimal Classification     ЧЗ - Читальна зала ЧЗ - Читальна зала 16/04/2010 33/2010 30.00 127314   811.161.2 С91 127314 14/01/2022 06/04/2010 Книги
    Universal Decimal Classification     ЧЗ - Читальна зала ЧЗ - Читальна зала 16/04/2010 33/2010 30.00 127315   811.161.2 С91 127315 14/01/2022 06/04/2010 Книги
    Universal Decimal Classification     ЧЗ - Читальна зала ЧЗ - Читальна зала 16/04/2010 33/2010 30.00 127316   811.161.2 С91 127316 19/11/2021 06/04/2010 Книги
    Universal Decimal Classification     ЧЗ - Читальна зала ЧЗ - Читальна зала 16/04/2010 33/2010 30.00 127317   811.161.2 С91 127317 19/11/2021 06/04/2010 Книги